00464nam a2200145Ia 4500008004100000020001800041082001200059100002500071245002900096260002200125500002000147942000700167952012900174999001500303260604s9999 xx 000 0 und d a9781914187599 a330 HUS aMohd. hussain935693 0aGlobal Political Economy bRANDOM PUBLISHING aEconomy, Global cBK 00104070aIIMVbIIMVcLOCKERd2026-06-04g14806.25l0o330 HUSp004135r2026-06-04 10:20:35v14806.25w2026-06-04yBKBHUS c8517d8517